000
00216 a2200097 4500
001
13366
100
_a
Allen, H.C
245
_a
The angalo american predicmant
260
_a
London
_b
Macmillan
_c
090
_c
10382
_d
10382
942
_a
NUST-CAE
_c
M
_c
428
999
_c
248439
_d
248439